Saighal's Hindustani grammar. (Record no. 543526)

000 -LEADER
fixed length control field 00385nam a22001337a 4500
082 ## - DEWEY DECIMAL CLASSIFICATION NUMBER
Classification number 491.4395
Author Mark SAI
-- L-29, P-4
100 ## - MAIN ENTRY--PERSONAL NAME
Personal name Saighal , Munshi P.C
9 (RLIN) 38912
245 ## - TITLE STATEMENT
Title Saighal's Hindustani grammar.
260 ## - PUBLICATION, DISTRIBUTION, ETC.
Place of publication, distribution, etc. Wellington Printing Works
Name of publisher, distributor, etc. Calcutta
300 ## - PHYSICAL DESCRIPTION
Extent xxvi, 218 p, :
Other physical details ill, :
Dimensions 10 Cm
526 ## - STUDY PROGRAM INFORMATION NOTE
Program name 0
Interest level 0
Reading level 0
Title point value 491_439500000000000_SAI
650 ## - SUBJECT ADDED ENTRY--TOPICAL TERM
Topical term or geographic name entry element MCE
9 (RLIN) 379
942 ## - ADDED ENTRY ELEMENTS (KOHA)
Source of classification or shelving scheme
Koha item type Book
Holdings
Withdrawn status Lost status Source of classification or shelving scheme Damaged status Not for loan Permanent Location Current Location Date acquired Total Checkouts Full call number Barcode Date last seen Price effective from Koha item type
          Military College of Engineering (MCE) Military College of Engineering (MCE) 03/26/2014   491.4395 SAI MCE-1886 03/26/2014 03/26/2014 Book
© 2023 Central Library, National University of Sciences and Technology. All Rights Reserved.